banner-ar

الدلالات النفسية لاحداث ثورة 25 يناير المصرية / (Record no. 62224)

MARC details
000 -الفاتح
حقل البيانات ثابتة الطول 00675nam a22001817a 4500
005 - وقت وتاريخ اخر تعامل مع التسجيلة
رقم الضبط 20240530110539.0
008 - عناصر البيانات ثابتة الطول - معلومات عامة
حقل البيانات ثابتة الطول 160504s2013 ua a|||g ||||c00| 0da d
020 ## - الرقم الدولى المعيارى للكتب
الرقم الدولى المعيارى للكتاب 9789774482502
040 ## - مصدر الفهرسة
وكالة الفهرسة الأصلية EG-CaGPL
082 04 - رقم تصنيف ديوى العشرى
رقم التصنيف 962.081
رقم المادة ق/ع د
رقم الطبعة 21
100 0# - المدخل الرئيسى - إسم شخصى
الإسم الشخصى عادل كمال خضر
245 12 - بيان العنوان
العنوان الدلالات النفسية لاحداث ثورة 25 يناير المصرية /
بيان المسئوليه,etc عادل كمال خضر.
260 ## - PUBLICATION, DISTRIBUTION, ETC. (IMPRINT)
تاريخ النشر أو التوزيع 2013.
300 ## - الوصف المادى
التعداد 370 ص. :
تفاصيل ماديه اخرى للوعاء إيض. ؛
أبعاد الوعاء 24 سم.
651 04 - المدخل الاضافى بالموضوع - اسم جغرافى
الاسم الجغرافي مصر
التقسيم الفرعي العام تاريخ
التقسيم الفرعي الزمني ثورة، 2011
942 ## - عناصر المدخل الإضافي( كوها)
مصدر التصنيف او مخطط الترفيف Dewey Decimal Classification
Koha [default] item type كتاب
260 ## - PUBLICATION, DISTRIBUTION, ETC. (IMPRINT)
-- القاهرة :
-- الهيئة المصرية العامة للكتاب،
Holdings
حالة التراجع حالة الفقد حالة تلف ليس للاعارة المكان المؤقت الموقع الحالى تاريخ الاكتساب اجمالي اﻻعارات رقم الطلب الباركود تاريخ اخر مشاهدة تاريخ تفعيل السعر نوع وعاء كوها
        مكتبة القاهرة الكبرى مكتبة القاهرة الكبرى 05/04/2016   962.081 ق/ع د 161884 05/04/2016 05/04/2016 كتاب

Powered By

EGPV